Spanish Adjectives - Statistics

General Stats
  • This quiz has been taken 2,738 times
  • The average score is 19 of 30
Answer Stats
Spanish English % Correct
Verde Green
95%
Loco Crazy
93%
Fácil Easy
89%
Alto Tall
89%
Frío Cold
88%
Tarde Late
88%
Rico Rich
83%
Gordo Fat
82%
Simpático Nice
82%
Picante Spicy
77%
Pobre Poor
72%
Lento Slow
65%
Mediano Average
63%
Oscuro Dark
63%
Flaco Thin
59%
Seco Dry
58%
Barato Cheap
55%
Largo Long
55%
Suave Soft
55%
Helado Frozen
52%
Vacío Empty
50%
Ruidoso Noisy
45%
Desnudo Naked
44%
Lleno Full
42%
Mojado Wet
42%
Orgulloso Proud
40%
Débil Weak
39%
Salado Salty
32%
Gracioso Funny
31%
Ciego Blind
27%
No matching quizzes found
Score Distribution
Percent of People with Each Score
Percentile by Number Answered
Your Score History
You have not taken this quiz